00452 2200181 4500001002100000005001500021008004100036020001800077035001900095041000700114082000800121090001400129100002300143245001800166260005200184300001900236650001500255INLIS00000000001893720241224115612241224||||||||| | ||| |||| || |  a979-668-352-0 0010-1224018937 aid0 a813 a813 TIM i0 aTim Pustaka Fathin00aILMUAN MUSLIM aSurakartabTiga Serangkai Pustaka Mandiric2005 a24ghlm;20x20cm 0anovel anak